000 01236nam a2200265Ia 4500
999 _c40934
_d40934
001 7581
003 GE_BSU
005 20211209144331.0
008 181216s2013ge xx |||||||||||||| ||geo||
010 _a9789941220821.
020 _a9789941220821
040 _cGE_BSU
041 _ageo
080 _a338.46(075.8) ქ-16
100 _aქათამაძე, გულიკო.
_92028
245 _aმომსახურების მარკეტინგი
_b[სახელმძღვ.] /
_cგულიკო ქათამაძე ; დავით ქათამაძე ; რედ. გელა მამულაძე.
264 _aთბილისი :
_bუნივერსალი,
_c2013.
300 _a544 გვ.:
_c20 სმ.
504 _aბიბლიოგრ.გვ:540-543.
653 _aმომსახურების მარკეტინგი
653 _aსახელმძღვანელოები უმაღლესი სასწავლებლებისათვის
700 _aქათამაძე, დავით
_92027
700 _aმამულაძე, გელა
_eრედაქტორი
_913251
942 _cBK
_2udc